Conmemoración, en Villanueva, del cincuentenario del fallecimiento de don Víctor Balaguer
Colección:
San Jorge,
; núm. 2 (abril 1951), pàg. 77-78
Materias:
Balaguer, Víctor, -- 1824-1901 -- Aniversaris, etc.
; Balaguer, Víctor, -- 1824-1901 -- Exposicions
Idioma:
Español
MARC
| LEADER | 00000naa a2200000 a 4500 | ||
|---|---|---|---|
| 003 | Arxiu | ||
| 005 | 20260324181032.0 | ||
| 008 | 160829s1951 spc xx s spa c | ||
| 040 | |a agdb | ||
| 245 | 0 | 0 | |a Conmemoración, en Villanueva, del cincuentenario del fallecimiento de don Víctor Balaguer |
| 490 | |a San Jorge, |v núm. 2 (abril 1951), pàg. 77-78 | ||
| 600 | 1 | 0 | |9 54567 |a Balaguer, Víctor, |d 1824-1901 |x Aniversaris, etc. |
| 600 | 1 | 0 | |9 54566 |a Balaguer, Víctor, |d 1824-1901 |v Exposicions |
| 773 | |t San Jorge. |g Núm. 2 (abril 1951), pàg. 77-78 | ||
| 901 | |a Arxiu | ||
| 942 | |n 1 |2 udc |c ART | ||
| 952 | |0 0 |1 0 |4 0 |7 1 |9 64562 |a Arxiu |b Arxiu |d 2022-12-01 |o Rev-508 |r 2022-12-01 00:00:00 |w 2022-12-01 |y ARXIU |z També disponible a Rev-521 | ||
| 999 | |c 47848 |d 47848 | ||